000 01905nam0a2200373 4500
001 RU\NLR\BIBL_A\011275521
005 20260409072351.0
010 _a978-5-4479-0017-5
_950
021 _aRU
_b2016-85323
_95582
035 _a(NLR Aleph) 011275521
090 _a10844154
_c10844154
100 _a20161121d2016 k y0rusy50 ca
101 0 _arus
_aeng
_ager
_afre
102 _aRU
105 _aa|||z|||000zy
200 1 _aЛингвосемиотика ихтио- и аквакультуры
_eмонография
_fА.С. Захарова, А.В. Олянич
_gМ-во сел. хоз-ва РФ, Департамент науч.-технол. политики и образования, Федер. гос. бюджет. образоват. учреждение высш. образования "Волгогр. гос. аграр. ун-т", Каф. "Иностр. яз."
210 _aВолгоград
_cВолгоградский ГАУ
_d2016
215 _a215 с.
_cил.
_d20
300 _aЧасть текста на англ., нем. и фр. яз.
320 _aБиблиогр.: с. 195-215 (268 назв.), в тексте и в подстроч. примеч.
606 _aСемиотика (лингв.)
_91604813
_3RU\NLR\AUTH\661005014
606 1 _aКартина мира (лингв.)
_92410731
_3RU\NLR\AUTH\661436371
606 1 _aДискурс профессиональный
_92586451
_3RU\NLR\AUTH\661528740
686 1 _aШ100.1
686 1 _aШ100.4
686 1 _aШ103.2
686 1 _aШ100.0
700 1 _aЗахарова
_bА. С.
_cфилолог
_gАлла Сергеевна
_9166452
_3RU\NLR\AUTH\770166499
701 1 _7ca
_8rus
_aОлянич
_bА. В.
_f1957-
_gАндрей Владимирович
_9108119
_3RU\NLR\AUTH\77125194
942 _cBOOK
980 _aNBR
980 _aNB